000 00475nam a2200181Ia 4500
003 GCL
008 140319s9999 xx 000 0 eng d
040 _aGCL /
_cGCL
082 0 4 _a546
_bC B
100 1 _aCATTON, F. ALBERT
245 1 0 _aBASIC INORGANIC CHEMISTRY /
_cCATTON, F. ALBERT
700 1 _aWILKINSON, GEOFFRY
260 _a[S.N] :
_bWILEY EASTERN LIMITED ،
_c1993
300 _a579\P
650 0 4 _aINORGANIC CHEMISTRY
650 0 4 _aELEMENTS
942 _2ddc
_cBK
999 _c20137
_d20137